| 000 | 00482nam a2200229Ia 4500 | ||
|---|---|---|---|
| 008 | 210210b1921 xxu||||| |||| 00| 0 eng d | ||
| 041 | _aeng | ||
| 082 | _a590/239 | ||
| 100 | _aPARKER | ||
| 245 | _aText book of zoology Vol I | ||
| 260 |
_aLondon _bMacmillan & Co. Ltd. _c1921 |
||
| 440 | _aI | ||
| 650 | _azoology | ||
| 650 | _aVol | ||
| 650 | _aText | ||
| 650 | _aof | ||
| 650 | _aI | ||
| 650 | _abook | ||
| 690 | _aZoology | ||
| 700 | _aHASWELL | ||
| 906 | _a010811 | ||
| 999 |
_c138701 _d138701 |
||